00837nam a2200217 i 45000010005000000030009000050050017000140070003000310080041000340200018000750800013000931000033001062450127001392600058002663000034003244900063003585340062004217000041004838300063005248520032005877557ES-MaACL20231215062944.0t|910304s1990 sp a |||| | spa d a84-85354-27-3 a087.5:821 aZamora, José (d1889-1971)10aCuentos mágicos / cJosé Zamora ; ilustraciones de José Zamora ; prólogo y selección de Carmen Bravo-Villasante. aPalma de Mallorca : bJosé J. de Olañeta, c1990. aXVI, 98 p. : bil. ; c22 cm.1 aErase una vez... Biblioteca de cuentos maravillosos ; v54 pReprod. facs. de la ed. de: cMadrid : Saturnino Calleja.1 aBravo-Villasante, Carmen,d1918-19940 aErase una vez... Biblioteca de cuentos maravillosos ; v54 aES-MaACLjL-14836 z- rust.